|
|
|
|
| LEADER |
00736nam a2200181 a 4500 |
| 001 |
GR-MES7706 |
| 008 |
010119s gr 000 0 gre d |
| 040 |
|
|
|a GrPaTEI
|b gre
|c GR-PaULI
|
| 040 |
|
|
|a GrPaTEI
|b gre
|c GR-PaULI
|
| 245 |
0 |
0 |
|a Steps in english grammar and idiom :
|b for Greek students /
|c D.N.Stavropoulos .
|p step five.
|
| 260 |
|
|
|a Athens :
|b Mauridis,
|c 1962
|
| 300 |
|
|
|a 82 σελ
|
| 650 |
|
4 |
|a ΑΓΓΛΙΚΗ ΓΡΑΜΜΑΤΙΚΗ
|
| 700 |
0 |
|
|a STAVROPOULOS,D
|
| 942 |
|
|
|2 ddc
|
| 952 |
|
|
|0 0
|1 0
|2 ddc
|4 0
|6 425_000000000000000_STA
|7 0
|9 278073
|a MSLG
|b MSLG
|c BSC
|d 2021-01-17
|e 24
|f 0
|g 0.00
|l 0
|o 425 STA
|p 2420000018501
|r 2021-01-17 00:00:00
|t 1
|w 2021-01-17
|y BK15
|x 20010119 0 1
|x GrPaTEI
|
| 971 |
|
|
|a .b25861761
|b 15-04-20
|c 14-09-16
|
| 999 |
|
|
|c 161704
|d 161704
|